The Dynamics of Technology / (Record no. 616587)

MARC details
000 -LEADER
fixed length control field 01247nam a2200169Ia 4500
008 - FIXED-LENGTH DATA ELEMENTS--GENERAL INFORMATION
fixed length control field 260302s9999 xx 000 0 und d
020 ## - INTERNATIONAL STANDARD BOOK NUMBER
ISBN 9780792347569
082 ## - DEWEY DECIMAL CLASSIFICATION NUMBER
Classification number 338.926
Item number BAR
100 ## - MAIN ENTRY--AUTHOR NAME
Personal name Barbiroli, G.
245 #0 - TITLE STATEMENT
Title The Dynamics of Technology /
Statement of responsibility, etc Barbiroli, G.
260 ## - PUBLICATION, DISTRIBUTION, ETC. (IMPRINT)
Name of publisher Springer,
Year of publication 1997
300 ## - PHYSICAL DESCRIPTION
Number of Pages 360 pages
520 ## - SUMMARY, ETC.
Summary, etc Provides methods and models capable of critically analyzing the manifold aspects of technological dynamics in order to arrive at assessments regarding both the economic results and applications of technological advances. Uses a multidisciplinary approach to describe and evaluate conceptual and quantitative models, and highlights the fact that production ideas, and thus innovative knowledge, require the availability of new structures. Nine chapters cover topics including the relationships between technological dynamics, knowledge, innovative cycles, production systems and structures, efficiency and productivity, quality issues, efficiency, natural resources, economic effects, methods for evaluation, ecological systems, and policy for sustainable development. Annotation copyrighted by Book News, Inc., Portland, OR
650 ## - SUBJECT ADDED ENTRY--TOPICAL TERM
Topical Term Business & Economics
942 ## - ADDED ENTRY ELEMENTS (KOHA)
Koha item type English Books
Holdings
Withdrawn status Lost status Damaged status Not for loan Home library Current library Shelving location Date acquired Full call number Accession Number Price effective from Koha item type
        Anna Centenary Library Anna Centenary Library 4TH FLOOR, A WING 02.03.2026 338.926 BAR 317220 02.03.2026 English Books

Find us on the map